| 000 | 00395nam a2200145Ia 4500 | ||
|---|---|---|---|
| 008 | 210210b1975 xxu||||| |||| 00| 0 eng d | ||
| 082 | _a920.720954 SHAF | ||
| 100 | _aSHARADAMMA (M). | ||
| 245 | _aFamous women of Karnataka. | ||
| 260 |
_aMysore. _bSmt B.S. Girija, Tarini, Saraswatthipuram., _c1975 |
||
| 300 | _aix,223 | ||
| 650 | _aWomen Karnataka | ||
| 690 | _aBiography | ||
| 906 | _a035195 | ||
| 999 |
_c86172 _d86172 |
||